Devine le pays avec le championnat de foot - Statistiques

Statistiques générales
  • Ce quiz a été pris 184 fois
  • Le résultat moyen est 11 sur 15
Statistiques - réponses
Championnat Pays % Correct
Ligue 1 France
100%
Serie A Italie
100%
Bundesliga Allemagne
98%
Scottish Premiership Écosse
95%
MLS États-Unis
92%
Saudi Pro League Arabie Saoudite
91%
Brasileirão Assaí Brésil
91%
Eredivisie Pays-Bas
88%
Süper lig Turquie
84%
Liga ******* Betclic Portugal
72%
Liga MX Mexique
64%
Credit ***** SuperLeague Suisse
53%
JSL Japon
50%
Superleague Elláda Grèce
33%
Premier-Liha Ukraine
21%
Aucun quiz correspondant
Distribution des résultats
% des personnes avec chaque résultat
Percentile par nombre de réponses
Votre historique - résultats
Vous n’avez pas pris ce quiz